[Event "GER-ch U14"]
[Site "Willingen"]
[Date "2022.06.06"]
[Round "3"]
[White "Winkler, Yonathan"]
[Black "Sinka, Silas"]
[Result "1-0"]
[WhiteElo "1699"]
[BlackElo "1386"]
[PlyCount "49"]
[EventDate "2022.06.04"]
[EventType "swiss"]
[EventRounds "9"]
[EventCountry "GER"]
[SourceTitle "CBM 208 Extra"]
[Source "ChessBase"]
[SourceDate "2022.07.31"]
[SourceVersion "1"]
[SourceVersionDate "2022.07.31"]
[SourceQuality "1"]

1. e4 e6 2. d4 d5 3. exd5 exd5 4. Nf3 Bd6 5. c4 dxc4 6. Bxc4 Nf6 7. 0-0 0-0 8. Bg5 h6 9. Bh4 Bf5 10. Qb3 Nc6 11. Qxb7 Nb4 12. a3 Rb8 13. Qxa7 Qd7 14. axb4 Be4 15. Qa2 Qg4 16. Nbd2 Rxb4 17. Nxe4 Qxe4 18. Rfe1 Qb7 19. b3 Nd5 20. Qc2 f5 21. Be7 Bxe7 22. Rxe7 Kh8 23. Bxd5 Qxd5 24. Qc5 Qxb3 25. Re3 1-0

[Event "GER Pfingstopen U12"]
[Site "Playchess.com INT"]
[Date "2020.06.02"]
[Round "4"]
[White "Haubold, Sebastian Marcel"]
[Black "Winkler, Yonathan"]
[Result "1-0"]
[WhiteElo "1725"]
[BlackElo "1620"]
[PlyCount "55"]
[EventDate "2020.06.02"]
[EventType "swiss (blitz)"]
[EventRounds "11"]
[EventCountry "GER"]
[SourceTitle "CBM 197 Extra"]
[Source "ChessBase"]
[SourceDate "2020.09.30"]
[SourceVersion "1"]
[SourceVersionDate "2020.09.30"]
[SourceQuality "1"]

1. e4 e5 2. Nf3 Nf6 3. Nxe5 d6 4. Nf3 Nxe4 5. d4 d5 6. Bd3 Bg4 7. 0-0 Be7 8. Re1 f5 9. Bf4 0-0 10. c3 c6 11. Qb3 Qb6 12. Qxb6 axb6 13. Ne5 Bh5 14. f3 Ng5 15. h4 Nf7 16. Bxf5 Nxe5 17. Rxe5 Bd6 18. Be6+ Kh8 19. Rxh5 Bxf4 20. Rf5 Rxf5 21. Bxf5 Bc1 22. a3 Bxb2 23. Ra2 Bc1 24. Bc8 g6 25. Bxb7 Ra7 26. Bc8 Re7 27. Kf1 Bf4 28. Re2 1-0

[Event "GER Pfingstopen U12"]
[Site "Playchess.com INT"]
[Date "2020.06.02"]
[Round "1"]
[White "Winkler, Yonathan"]
[Black "Muehlbauer, Adrian"]
[Result "1-0"]
[WhiteElo "1620"]
[BlackElo "1545"]
[PlyCount "49"]
[EventDate "2020.06.02"]
[EventType "swiss (blitz)"]
[EventRounds "11"]
[EventCountry "GER"]
[SourceTitle "CBM 197 Extra"]
[Source "ChessBase"]
[SourceDate "2020.09.30"]
[SourceVersion "1"]
[SourceVersionDate "2020.09.30"]
[SourceQuality "1"]

1. e4 e5 2. Nf3 Nc6 3. Nc3 Nf6 4. Bb5 Bc5 5. Nxe5 Nxe5 6. d4 Bd6 7. dxe5 Bxe5 8. Bd2 0-0 9. Bd3 d6 10. 0-0 Bg4 11. Ne2 Bxb2 12. Rb1 Be5 13. Rxb7 Qd7 14. Be3 a6 15. Rb3 d5 16. f4 Bd6 17. e5 d4 18. Bxd4 Be7 19. exf6 Bxe2 20. Bxe2 Bxf6 21. Bxf6 gxf6 22. Qxd7 Rfe8 23. Bc4 Reb8 24. Qxf7+ Kh8 25. Qxf6# 1-0

[Event "GER-ch U12"]
[Site "Willingen"]
[Date "2019.06.12"]
[Round "5"]
[White "Bock, Marlon"]
[Black "Winkler, Yonathan"]
[Result "1-0"]
[WhiteElo "1596"]
[BlackElo "1536"]
[PlyCount "85"]
[EventDate "2019.06.08"]
[EventType "swiss"]
[EventRounds "9"]
[EventCountry "GER"]
[SourceTitle "CBM 191 Extra"]
[Source "ChessBase"]
[SourceDate "2019.09.30"]
[SourceVersion "1"]
[SourceVersionDate "2019.09.30"]
[SourceQuality "1"]

1. b3 d5 2. Bb2 Nf6 3. e3 e6 4. Nf3 Nbd7 5. d4 Bd6 6. Bd3 0-0 7. 0-0 Re8 8. Ne5 c5 9. f4 cxd4 10. exd4 Qb6 11. Qe2 Nf8 12. Nd2 N6d7 13. c4 dxc4 14. Ndxc4 Qc7 15. Rac1 f6 16. Nxd6 Qxd6 17. Nc4 Qe7 18. Ba3 Qd8 19. Nd6 Nb6 20. Nxe8 Qxe8 21. Bb5 Bd7 22. Bxd7 Qxd7 23. Rfd1 Nd5 24. Qf2 Qf7 25. Rd2 Ng6 26. Rdc2 Qd7 27. g3 Re8 28. Bc5 b6 29. Ba3 e5 30. dxe5 fxe5 31. f5 Nge7 32. Bxe7 Rxe7 33. Rd1 Qb5 34. Rc8+ Kf7 35. Qf3 Nf6 36. Qa8 Re8 37. Qxa7+ Kf8 38. Rc7 Nh5 39. Rdd7 Qc5+ 40. Rxc5 bxc5 41. Qxc5+ Kg8 42. Qd5+ Kh8 43. Rd8 1-0